| LDR | | 06542cmm u2200577 i 4500 |
| 001 | | 000000340612 |
| 003 | | EBZ |
| 005 | | 20260127112354 |
| 006 | | m d |
| 007 | | cr cnu---unuuu |
| 008 | | 241022s2025 njua ob 001 0 eng |
| 010 | |
▼a 2024042314 |
| 020 | |
▼a 0691260834
▼q electronic book |
| 020 | |
▼a 9780691260839
▼q (electronic bk.) |
| 020 | |
▼z 9780691260785
▼q hardcover |
| 037 | |
▼a 06389543-8424-4896-A854-039207E1452A
▼b OverDrive, Inc.
▼n http://www.overdrive.com |
| 037 | |
▼a 22573/cats22788101
▼b JSTOR |
| 040 | |
▼a EBZ
▼b eng
▼c EBZ
▼d 248032 |
| 042 | |
▼a pcc |
| 043 | |
▼a n-us--- |
| 049 | |
▼a MAIN |
| 050 | 00 |
▼a HV8141
▼b .C52 2025 |
| 072 | 7 |
▼a POL
▼x 014000
▼2 bisacsh |
| 072 | 7 |
▼a POL
▼x 028000
▼2 bisacsh |
| 072 | 7 |
▼a POL
▼x 040040
▼2 bisacsh |
| 072 | 7 |
▼a SOC
▼x 051000
▼2 bisacsh |
| 082 | 00 |
▼a 363.20973
▼2 23/eng/20241207 |
| 100 | 1 |
▼a Clark, Thomas S.,
▼d 1980-,
▼e author.
▼1 https://id.oclc.org/worldcat/entity/E39PCjKbPB8tpxfRXBbDfhM49C |
| 245 | 10 |
▼a Deadly force :
▼b police shootings in urban America /
▼c Tom S. Clark, Adam N. Glynn, and Michael Leo Owens. |
| 260 | |
▼a Princeton, New Jersey :
▼b Princeton University Press,
▼c [2025] |
| 300 | |
▼a 1 online resource (xvi, 300 pages) :
▼b illustrations |
| 336 | |
▼a text
▼b txt
▼2 rdacontent |
| 337 | |
▼a computer
▼b c
▼2 rdamedia |
| 338 | |
▼a online resource
▼b cr
▼2 rdacarrier |
| 341 | 0 |
▼a textual
▼2 sapdv
▼3 EBSCOhost |
| 504 | |
▼a Includes bibliographical references and index. |
| 505 | 0 |
▼a Chutes and ladders : collecting records of police shootings -- Good records? -- How many people do the police shoot? -- Where do the police shoot? -- Who do the police shoot? -- When police shootings kill. |
| 520 | |
▼a "A deep exploration of police shootings in America, informed by the most comprehensive data yet assembled on notoriously non-transparent topic. As much attention as police violence has garnered in recent years, one central frustration has stymied attempts to understand exactly what is happening, why, and to whom: the lack of data on use of force. This project pulls together the results of a massive data-gathering project on police shootings from all US cities with over 100,000 people. The authors use this information to answer pressing questions-and reveal much needed insight-around police shootings in America today. The authors explore first why it is so difficult to get good data on police shootings and provide fascinating and troubling details on the difficulty-and sometimes, impossibility-of getting records from police departments, and what strategies are needed to put together nation-wide numbers that are complete as possible. They then turn to central questions and their answers, pointing out surprising insights as they go. In exploring how many officer-involved shootings happen in a city, for instance, they find that oversight boards and the political orientation of city leadership have little impact, but that the size of the police force does. And, intriguingly, as one considers movements to defund the police, they find police shootings are highest in cities with under-resourced officers-indicating that some efforts to "defang" forces may have the opposite effect. Later chapters look at where within cities shootings happen, the demographics of victims, and the fatality rate of shootings. The authors end the book by considering what these new data tell us about how to decrease the frequency and deadliness of armed actions by American police"--
▼c Provided by publisher. |
| 520 | |
▼a "A groundbreaking study of when, where, and whom police shoot in America's largest cities Police shootings in America spark outrage and protest and raise questions about police use of lethal force. Yet despite the attention given to high-profile shootings, it is extremely difficult to draw wider conclusions about the frequency and outcomes of police gunfire because there is no systematic and centralized source of information on these incidents. This pioneering book draws on original data, compiled by the authors, to examine police shootings, both fatal and non-fatal, in hundreds of American cities. It documents racial disparities in shooting incidents and shows that the media spotlight on the most shocking fatal shootings tell only part of the story of police gunfire in our cities.The authors find that there are patterns in when, where, and whom the police shoot, and they present strong evidence of unjustifiable disparities. It's not just that young, unarmed Black men are disproportionately subjected to gunfire during encounters with police officers; there is also a disproportionate concentration of shootings in the places where most Black and Hispanic urbanites live, even accounting for violent crime rates and other factors. As a consequence, Black and Hispanic residents of large cities are disproportionately exposed to police gunfire, even when they are not themselves the targets of it. The authors offer other insights as well, exploring the connection between department funding and rates of shootings, and considering the influence of a city's political leadership on police use of gunfire. It is only through a deeper understanding of police shootings, the authors argue, that we can reduce their incidence and make effective reform possible"--
▼c Provided by publisher. |
| 532 | 0 |
▼3 EBSCOhost
▼a "EBSCO evaluates our products based on the Web Content Accessibility Guidelines (WCAG) and the related Section 508 and EN 301 549 regulations in the US and EU. Most EBSCO products are substantially conformant with WCAG 2.2 level AA." Source: https://connect.ebsco.com/s/article/EBSCO-VPATs?language=en_US. Last accessed April 22, 2025. |
| 588 | 0 |
▼a Print version record; title from PDF title page (De Gruyter Brill, viewed May 07, 2025). |
| 590 | |
▼a Added to collection customer.56279.3 |
| 650 | 0 |
▼a Police shootings
▼z United States. |
| 650 | 0 |
▼a Law enforcement
▼z United States. |
| 650 | 7 |
▼a POLITICAL SCIENCE / Law Enforcement
▼2 bisacsh |
| 655 | 4 |
▼a Electronic books. |
| 700 | 1 |
▼a Glynn, Adam,
▼e author.
▼1 https://id.oclc.org/worldcat/entity/E39PCjyTQ7hCMDkYJMKyfWMF8C |
| 700 | 1 |
▼a Owens, Michael Leo,
▼e author.
▼1 https://id.oclc.org/worldcat/entity/E39PCjKp3rT3DyJV3K9ppPjFjy |
| 776 | 08 |
▼i Print version:
▼a Clark, Thomas S., 1980-
▼t Deadly force.
▼d Princeton, New Jersey : Princeton University Press, [2025]
▼z 9780691260785
▼w (DLC) 2024042313 |
| 856 | 40 |
▼3 EBSCOhost
▼u https://search.ebscohost.com/login.aspx?direct=true&scope=site&db=nlebk&db=nlabk&AN=4095765 |
| 938 | |
▼a EBSCOhost
▼b EBSC
▼n 4095765 |
| 990 | |
▼a 관리자 |